| 000 | 00967nam a2200241Ia 4500 | ||
|---|---|---|---|
| 001 | 10438 | ||
| 003 | GE_BSU | ||
| 008 | 181216s||||||||xx |||||||||||||| ||und|| | ||
| 020 | _a9992888644 | ||
| 040 | _cGE_BSU | ||
| 080 | _a821.353.1+821.353.1-32 | ||
| 245 | _aქართული პროზა წ.40: XX საუკუნის პოეტების პროზა | ||
| 245 | _bწ.40: XX საუკუნის პოეტების პროზა | ||
| 245 | _cსარედ.კოლ:გრ.აბაშიძე და სხვ. შემდგ.-რედ.ვახტანგ ჯავახაძე;მხატვ:დავით დუნდუა., | ||
| 260 | _aთბილისი | ||
| 260 | _bახალი საქართველო | ||
| 260 | _c2006 | ||
| 300 | _a620გვ;20სმ. | ||
| 300 | _bმე-40 ტომი | ||
| 541 | _h12ლ. | ||
| 653 | _aქართული პროზა | ||
| 942 | _cBK | ||
| 999 |
_c43698 _d43698 |
||